00341nam a2200133Ia 4500008004100000041000800041082001500049100001700064245003100081250001400112260004100126300003300167365000700200240624s9999 xx 000 0 und d aeng a658.88 EDW aEDWARDS BURT aCREDIT MANAGEMENT HANDBOOK a(3rd ed.) c1998aMumbaibJaico Publishing House axxvii, : 554 : p. : cm. ; 26 cRS